| 000 | | | 03702cbm0a2200253#x 450 |
| 001 | | | 7c77b987-65c7-4b6c-b3b6-6812f828da80 |
| 005 | | | 20220602095744.0 |
| 100 | ## | $a | 20220531j19411118k###0rusy50 ca |
| 101 | 0# | $a | rus |
| 102 | ## | $a | RU |
| 105 | ## | $a | y###z######## |
| 122 | 0# | $a | d19411118## |
| 200 | 1# | $a | Постановление ГКО СССР № 911 об улучшении перевозки периодической печати, посылок и почтовой корреспонденции по железным дорогам, с приложением списка почтово-пассажирских и воинско-товарно-пассажирских поездов, с которыми устанавливается курсирование почтовых вагонов и записки Кагановича Л. М. и Пересыпкина И. Т. Сталину И. В. |
| | $j | 18 ноября 1941 г. |
| 251 | ## | $c | Документ |
| 300 | ## | $a | Рассылочный и подлинный экземпляры |
| 461 | #0 | $1 | 2001 |
| | $a | Ф. 644 |
| | $1 | 251 |
| | $c | Фонд |
| | $1 | 852 |
| | $j | 644 |
| 462 | #0 | $1 | 2001 |
| | $a | Оп. 1 |
| | $1 | 251 |
| | $c | Опись |
| | $1 | 852 |
| | $j | 1 |
| 605 | ## | $2 | prlib_sh |
| | $3 | LIBNET\UAF\0000088514 |
| | $a | Вторая мировая война в архивных документах (Комплекс оцифрованных архивных документов, кино- и фотоматериалов) |
| | $l | коллекция |
| 686 | ## | $a | 63.3(2)622-3ю11 |
| | $v | LBC/M |
| | $2 | rubbk |
| 801 | #0 | $a | RU |
| | $b | Тюменская ОНБ |
| | $c | 20220531 |
| 801 | #1 | $a | RU |
| | $b | Тюменская ОНБ |
| | $c | 20220531 |
| | $2 | rusmarc |
| 801 | #2 | $a | RU |
| | $b | ПБ им. Б.Н. Ельцина |
| | $c | 20220602 |
| | $2 | rusmarc |
| 850 | ## | $a | Российский государственный архив социально-политической истории |
| 852 | ## | $a | РГАСПИ |
| | $j | Д. 14. Л. 113-115; Оп. 2. Д. 25. Л. 173-177 |
| 035 | ## | $a | LIBNET\0001245166 |
| 937 | ## | $d | 176197465 |
| | $h | Федеральное архивное агентство |
| 856 | 4# | $u | http://readingroom.main.prlib.ru/item.aspx?id_node=n176197465&mode=full |